Cosas que se mueven / (Record no. 28193)

MARC details
000 -LEADER
fixed length control field 00960cam a2200301Ia 4500
001 - CONTROL NUMBER
control field zpgpl0 b1320759
003 - CONTROL NUMBER IDENTIFIER
control field OCoLC
005 - DATE AND TIME OF LATEST TRANSACTION
control field 20230623101030.0
008 - FIXED-LENGTH DATA ELEMENTS--GENERAL INFORMATION
fixed length control field 960612s1991 ag a 000 1 spa d
020 ## - INTERNATIONAL STANDARD BOOK NUMBER
International Standard Book Number 9500410427
020 ## - INTERNATIONAL STANDARD BOOK NUMBER
International Standard Book Number 9789500410427
040 ## - CATALOGING SOURCE
Original cataloging agency ONT
Transcribing agency ONT
Modifying agency JED
-- CGL
041 1# - LANGUAGE CODE
Language code of text/sound track or separate title spa
Language code of original eng
100 1# - MAIN ENTRY--PERSONAL NAME
Personal name Scarry, Richard.
240 10 - UNIFORM TITLE
Uniform title <a href="Things that go.">Things that go.</a>
Language of a work Spanish.
245 10 - TITLE STATEMENT
Title Cosas que se mueven /
Statement of responsibility, etc. Richard Scarry ; traduccion, Juan Forn.
260 ## - PUBLICATION, DISTRIBUTION, ETC. (IMPRINT)
Place of publication, distribution, etc. Buenos Aires :
Name of publisher, distributor, etc. Emece Editores,
Date of publication, distribution, etc. c1991.
300 ## - PHYSICAL DESCRIPTION
Extent [24] p. :
Other physical details col. ill. ;
Dimensions 21 cm.
440 #0 - SERIES STATEMENT/ADDED ENTRY--TITLE
Title Pequeno Emece
500 ## - GENERAL NOTE
General note Translation of : Things that go.
520 ## - SUMMARY, ETC.
Summary, etc. Depicts many different kinds of things that go, including bicycles, trains, boats, and planes.
650 #0 - SUBJECT ADDED ENTRY--TOPICAL TERM
Topical term or geographic name as entry element Vehicles
Form subdivision Juvenile literature.
650 #0 - SUBJECT ADDED ENTRY--TOPICAL TERM
Topical term or geographic name as entry element Transportation
Form subdivision Juvenile literature.
650 #1 - SUBJECT ADDED ENTRY--TOPICAL TERM
Topical term or geographic name as entry element Vehicles.
650 #1 - SUBJECT ADDED ENTRY--TOPICAL TERM
Topical term or geographic name as entry element Transportation.
650 #7 - SUBJECT ADDED ENTRY--TOPICAL TERM
Topical term or geographic name as entry element Transporte.
Source of heading or term bidex.
942 ## - ADDED ENTRY ELEMENTS (KOHA)
Koha item type Libro/Book
Holdings
Withdrawn status Lost status Damaged status Not for loan Home library Current library Shelving location Date acquired Inventory number Total Checkouts Full call number Barcode Date last seen Date checked out Price effective from Koha item type
        San Juan Del Sur -- Biblioteca San Juan Del Sur -- Biblioteca Children's Area 23/06/2023 Inventory date: 15-5-25 2 JI CAJA/ESTANTE ESPANOL 30023136 02/02/2026 24/01/2026 23/06/2023 Libro/Book

Powered by Koha